000 01315na a2200349 4500
001 22159
003 MIRAKIL
005 20181226092844.0
008 170212b tu n0 0 0
022 _a2146-7730
035 _a20919
040 _aMilas
_btur
_cTR-AnCHP
041 _atur
090 _a050 DER 100
222 _aMeclis bülteni
245 _aMeclis bülteni
_bTürkiye Büyük Millet Meclisi aylık yayın organı
_c[yayınlayan] TBMM Basın ve Halkla İlişkiler Müdürlüğü
246 _aTBMM bülteni
247 _aTBMM Aylık Bülten
247 _aTürkiye Büyük Millet Meclisi Bülteni
260 _aAnkara
_bTBMM Kültür, Sanat ve Yayın Kurulu
_c1990-
300 _ac.
_c27 sm.
310 _aAylık
362 _asayı 144 (Nisan 2008) -
500 _aMevcut sayılar: (144) Nisan 2008; (160) Şubat 2010; (165) Ekim 2010; (170) Mart-Nisan 2011; (176) Şubat 2012; (179) Mayıs 2012; (219) Aralık 2016
500 _aDerginin adı 2004 yılı sayı 105'de 'Meclis Bülteni' oldu.
651 _aTürkiye
_vSüreli yayınlar
_xSiyaset ve yönetim
655 _aBülten
710 _aTBMM
_bBasın ve Halkla İlişkiler Müdürlüğü
910 _aDERGİ 100
942 _2ddc
_cSER
999 _c11416
_d11416